000
00277nam a2200121Ia 4500
008
191201s2004 xx 000 0 und d
100
_a
HEITNER, Joseph
245
0
_a
Automotive Mechanics
260
_b
CBS PUB.
_c
2004
300
_a
608
650
_a
B.Tech(ME)
942
_2
ddc
_c
BK
999
_c
6831
_d
6831